00878 a2200193 450000100040000000500170000400800410002100300150006204000400007708000520011724500230016902000220019226400340021430000160024850502640026404100080052810000340053685601140057013820260407155413.0260407a1996 arg spa dAR-UNSa-BCEJYS aAR-UNSa-BCEJYSbspacAR-UNSa-BCEJYS a336.2xIngresos públicos (Derecho tributario)10aDerecho tributario a978-950-14-0880-5 1aBuenos Aires :bDepalmac1996 a2 v.c23 cm aTomo I: Teoria general de la tributación, Derecho tributario en general, Derecho tributario constitucional, Derecho tributario material o sustantivo. Tomo II: Derecho tributario formal o administrativo, Derecho tributario procesal, Derecho tributario penal. aspa1 aGarcía Vizcaíno, Catalina41uhttps://biblioeco.unsa.edu.ar/pmb/images/libros/Derecho Tributario 1ed-2ed.jpgyImagen de portadaqimage/jpeg